00747nam a2200205 a 4500001001500000005001700015008004100032020003500073020003000108100002000138245007200158260003600230300001100266490002200277700002000299830002200319856008200341999001500423952010300438ASIN094951161720150910131549.0150910s1988 xxu eng d a0949511617 (paperback)c$39.00 a9780949511614 (paperback)1 aBradbury, J. H.10aChemistry of tropical root crops /cJ. H. Bradbury, W. D. Holloway. a[S.l.] :bAgribookstore,c1988. a201 p.1 aAciar monographs.1 aHolloway, W. D. 0aAciar monographs.403Amazon.comuhttp://www.amazon.com/exec/obidos/ASIN/0949511617/chopaconline-20 c2043d2043 0010708NFICaICbICcGENd2015-09-10l0o631.5 BRAp004861r2015-09-10 00:00:00w2015-09-10yREF